000 00465nam a2200181Ia 4500
008 090124s9999 xx 000 0 und d
082 _b132276
100 _aनागपुरकर हेमा
245 _a जेनी
250 _a1
260 _c2004
300 _a188
600 _aनागपुरकर हेमा
630 _a जेनी
700 _aनागपुरकर हेमा
730 _a जेनी
942 _cBOOK
999 _c178365
_d178365